000 00589nam a2200145Ia 4500
008 190228s9999 xx 000 0 und d
020 _a9781119363088
100 _aAlidina, Shamash.
245 _cby Shamash Alidina, Juliet Adams, Stan Portny, Marshall Loeb, Stephen Kindel, Dirk Zeller, Natalie Canavor, Ray Anthony, Barbara Boyd, Michael C. Donaldson.--
_aCareer development for dummies :
_ball-in-one /
260 _aNew Jersey :
_bJohn Willey & Sons
_c2017
300 _axviii, 650 pages.
500 _aIncludes indexes.
650 _aProject management.
650 _aTime management.
999 _c361299
_d361299